Κατάλογος Βιβλιοθηκών Mediterranean College

Neuromusculoskeletal Examination Assessment / A Handbook for Therapists: Fourth Edition (Record no. 6016)

MARC details
000 -LEADER
fixed length control field 01228cam a22002054a 4500
005 - ΗΜΕΡΟΜΗΝΙΑ ΚΑΙ ΩΡΑ ΤΕΛΕΥΤΑΙΑΣ ΕΝΗΜΕΡΩΣΗΣ
Πεδίο ελέγχου 20250605164230.0
008 - FIXED-LENGTH DATA ELEMENTS--GENERAL INFORMATION
Πεδίο ελέγχου σταθερού μήκους 250528s ||||||||||||||||||||||||d
035 ## - SYSTEM CONTROL NUMBER
System control number 20939
020 ## - ISBN
ISBN 9780702055041
040 ## - ΠΗΓΗ ΚΑΤΑΛΟΓΟΓΡΑΦΗΣΗΣ
Φορέας πρωτότυπης καταλογογράφησης MC Athens Campus Library
Γλώσσα καταλογογράφησης Ελληνικά, Μοντέρνα (1453-)
Modifying agency MC Athens Campus Library
Κανόνες περιγραφικής καταλογογράφησης AACR2
245 1# - ΤΙΤΛΟΣ ΚΑΙ ΔΗΛΩΣΗ ΥΠΕΥΘΥΝΟΤΗΤΑΣ
Τίτλος Neuromusculoskeletal Examination Assessment / A Handbook for Therapists: Fourth Edition
250 ## - EDITION STATEMENT
Edition statement 4th
260 ## - PUBLICATION, DISTRIBUTION, ETC.
Name of publisher, distributor, etc. Churchill Livingstone - Elsevier,
Date of publication, distribution, etc. 2011
300 ## - PHYSICAL DESCRIPTION
Extent 462
520 ## - SUMMARY, ETC.
Summary, etc. This textbook provides a comprehensive and systematic guide to the examination and assessment of patients with neuromusculoskeletal dysfunction. Foreword, Preface, Introduction, Subjective Examination, Physical Examination, Assessment, Examination of the Temporomandibular Region, Examination of the Upper Cervical Region, Examination of the Cervicothoracic Region, Examination of the Thoracic Region, Examination of the Shoulder Region, Examination of the Elbow Region, Examination of the Wrist and Hand, Examination of the Lumbar Region, Examination of the Pelvis, Examination of the Hip Region, Examination of the Knee Region, Examination of the Foot and Ankle, Index.
700 1# - ΠΡΟΣΘΕΤΗ ΑΝΑΓΡΑΦΗ--ΦΥΣΙΚΟ ΠΡΟΣΩΠΟ
Personal name Petty Nicola J
9 (RLIN) 6927
942 ## - ADDED ENTRY ELEMENTS (KOHA)
Koha item type Books
Holdings
Τύπος τεκμηρίου Βιβλιοθήκη Τρέχουσα τοποθεσία Barcode Αριθμός εισαγωγής Ημερομηνία απόκτησης Ταξιθετικό σύμβολο Αριθμός αντιτύπου Κατάσταση απόσυρσης Κατάσταση χαμένου Κατάσταση κατεστραμμένου Μη δανεισμός Σύνολο δανεισμών Ημερομηνία τελευταίας εμφάνισης Η τιμή ισχύει από
Books MC Athens Campus Library MC Athens Campus Library 9780000060150 6678 05/06/2025 616.7075 PET 1           05/06/2025 05/06/2025

MC Athens Campus Library
Πατησίων 94 & Κοδριγκτώνος 13, 104 34
Πελλήνης 8 & Πατησίων 107, 112 51
Τ: +30 210 8899600

MC Thessaloniki Campus Library
Ίωνος Δραγούμη 21, 54625 | Ίωνος Δραγούμη 15, 54625
Τ: +30 2310 287779 – Τ: +30 2314 440300